Congress, Gandhi and Ambedkar : (Record no. 82601)

MARC details
000 -LEADER
fixed length control field 00611nam a22001937a 4500
005 - DATE AND TIME OF LATEST TRANSACTION
control field 20140416110420.0
010 ## - LCCN (DPL NO)
LC control number ENG-109340
020 ## - INTERNATIONAL STANDARD BOOK NUMBER
International Standard Book Number 9788172735722
Terms of availability 750.00
035 ## - SYSTEM CONTROL NUMBER
System control number EN-92873
037 ## - SOURCE OF ACQUISITION
Source of stock number/acquisition DBAD/PUB
082 ## - DEWEY DECIMAL CLASSIFICATION NUMBER
Classification number 305.5688
100 ## - MAIN ENTRY--PERSONAL NAME
Personal name Chavan, Sheshrao
245 ## - TITLE STATEMENT
Title Congress, Gandhi and Ambedkar :
Statement of responsibility, etc by Sheshrao Chavan
Remainder of title assessment and observations of untouchability /
260 ## - PUBLICATION, DISTRIBUTION, ETC. (IMPRINT)
Place of publication, distribution, etc Delhi
Name of publisher, distributor, etc Authorspress
Date of publication, distribution, etc 2012
270 ## - ADDRESS
Address E-35/103, Jawahar Park Laxmi Nagar
City Delhi
Postal code 110092
300 ## - PHYSICAL DESCRIPTION
Extent xi,250p.
Dimensions 22cm(Hb)
500 ## - GENERAL NOTE
General note Includes index
942 ## - ADDED ENTRY ELEMENTS (KOHA)
Source of classification or shelving scheme Dewey Decimal Classification
Item type English Books
Call number suffix CHA
Classification part 305.5688
Holdings
Withdrawn status Lost status Not for loan Collection code Home library Current library Date acquired Source of acquisition Cost, normal purchase price Full call number Barcode Copy number Cost, replacement price Koha item type
    Not For Loan Non-fiction D.B.Act.Division D.B.Act.Division 18/02/2014 DBAD/PUB 750.00 305.5688 CHA EN-92873 1 750.00 English Books

© Delhi Public Library
Hit Counter
free hit counter